[Event "HCL-C3912"]
[Site "www.playchess.de"]
[Date "2006.01.13"]
[Round "11"]
[White "Grunert"]
[Black "edfred"]
[WhiteElo "1004"]
[BlackElo "800"]
[PlyCount "35"]
[Result "1-0"]

1.d4 Nf6 2.e3 d5 3.Nf3 Bg4 4.Be2 e6 5.h3 Bh5 6.O-O 
Bd6 7.Nc3 O-O 8.b3 Nc6 9.Ne5 Bxe2 10.Qxe2 Nxe5 
11.dxe5 Bxe5 12.Bb2 Qd6 13.Rab1 Rad8 14.Rfd1 c6 
15.a4 c5 16.Qf3 Rfe8 17.Nb5 Qb8 
18.Bxe5 1-0

[Event "HCL-B3831"]
[Site "www.playchess.de"]
[Date "2006.01.13"]
[Round "7"]
[White "DTW"]
[Black "Akkarin"]
[WhiteElo "1287"]
[BlackElo "1333"]
[PlyCount "45"]
[Result "1-0"]

1.e4 d6 {Hello from Imardin, Kyralia}  2.d4 {Hello 
from Wunnumin Lake, Ontario.}  Nf6 3.Nc3 Nbd7 
4.Nf3 e5 5.d5 c6 6.Bg5 Be7 7.Bc4 O-O 8.O-O Nxd5 
9.exd5 Bxg5 10.Ne4 Be7 11.dxc6 bxc6 12.Nxd6 Nb6 
13.Nxc8 Qxc8 14.Bb3 Bf6 15.Re1 Qc7 16.Qd3 Rad8 
17.Qe4 Rfe8 18.c3 Nd5 19.Bc2 g6 20.Rad1 Bg7 21.Qc4 
Qb6 22.Bb3 Qb5 23.Qxb5 1-0

[Event "HCL-A2499"]
[Site "www.playchess.de"]
[Date "2006.01.13"]
[Round "9"]
[White "Nobleman"]
[Black "ndigas"]
[WhiteElo "1152"]
[BlackElo "1266"]
[PlyCount "57"]
[Result "1-0"]

1.e4 e5 2.Bc4 Nf6 3.Nc3 Nc6 4.Nf3 Nxe4 5.Nxe4 d5 
6.Bxd5 Qxd5 7.Nc3 Qa5 8.O-O Bg4 9.h3 Bh5 10.d3 
O-O-O 11.Bd2 Bb4 12.a3 Bxc3 13.Bxc3 Qc5 14.g4 Bg6 
15.Re1 e4 16.Nh4 exd3 17.cxd3 Rxd3 18.Qa4 Rg3+ 
19.Ng2 Rxh3 20.Bd2 f6 21.Be3 Qd6 22.Bf4 Qd4 
23.Qxd4 Nxd4 24.Red1 Ne2+ 25.Kf1 Nxf4 26.Nxf4 Rh1+ 
27.Kg2 Rxd1 28.Rxd1 Bf7 29.b4 1-0

[Event "HCL-E1510"]
[Site "www.playchess.de"]
[Date "2006.01.13"]
[Round "6"]
[White "Sinla"]
[Black "Mandy"]
[WhiteElo "1752"]
[BlackElo "1587"]
[PlyCount "31"]
[Result "1-0"]

1.d4 {Queen's pawn for a lady ;) Good luck.}  d5 
{na dann schaun wir mal}  2.c4 e6 3.Nc3 c6 4.Nf3 
f5 5.g3 Nf6 6.Bg2 Be7 7.O-O O-O 8.b3 Ne4 9.Bb2 Nd7 
10.e3 Ndf6 11.Ne5 Bd6 12.Nxe4 Nxe4 13.f3 Ng5 
14.Qe2 Nf7 15.Nxf7 Rxf7 16.c5 1-0

[Event "HCL-E1509"]
[Site "www.playchess.de"]
[Date "2006.01.13"]
[Round "1"]
[White "Chascarrillo"]
[Black "PLAYCHESS1963"]
[WhiteElo "1876"]
[BlackElo "1759"]
[PlyCount "72"]
[Result "0-1"]

1.d4 Nf6 2.Nc3 d6 3.e4 g6 4.Bc4 Bg7 5.Qe2 e5 
6.dxe5 dxe5 7.Nf3 O-O 8.Nxe5 Nbd7 9.Nxf7 Rxf7 
10.Bxf7+ Kxf7 11.Qc4+ Kf8 12.Bf4 Ne8 13.O-O-O c6 
14.h4 Qf6 15.Be3 b6 16.h5 b5 17.Qb4+ Qe7 18.Qxe7+ 
Kxe7 19.hxg6 hxg6 20.Rhe1 Nd6 21.Bf4 Ne5 22.Bg5+ 
Ke6 23.f4 Nec4 24.f5+ gxf5 25.exf5+ Kxf5 26.Be7 
Bxc3 27.bxc3 Ne4 28.Rd4 Nxc3 29.g4+ Kg6 30.g5 
Nxa2+ 31.Kb1 Nc3+ 32.Ka1 Bf5 33.Bb4 Nd5 34.c3 a5 
35.Bc5 Nxc3 36.Be7 Nd5 0-1

[Event "HCL-B3766"]
[Site "www.playchess.de"]
[Date "2006.01.13"]
[Round "8"]
[White "Sarek7"]
[Black "Macko"]
[WhiteElo "1158"]
[BlackElo "1645"]
[PlyCount "52"]
[Result "0-1"]

1.e4 Nc6 2.Nf3 e5 3.Bb5 a6 4.Ba4 Nf6 5.O-O b5 
6.Bb3 Bc5 7.d3 d6 8.h3 O-O 9.Bg5 h6 10.Bh4 Bb7 
11.Nbd2 g5 12.Bg3 Kg7 13.Re1 Nh5 14.Nxe5 Nxg3 
15.Qg4 Nxe4 16.Nxe4 Nxe5 17.Qh5 Ng6 18.Nxc5 dxc5 
19.Re3 Nf4 20.Qg4 Nxg2 21.Rg3 f5 22.Qh5 Nf4 23.Qd1 
Qf6 24.h4 g4 25.Qd2 Qxh4 26.Qxf4 
Qh1+ 0-1

[Event "ACL-A641"]
[Site "www.playchess.de"]
[Date "2006.01.13"]
[Round "6"]
[White "JEB_Stuart"]
[Black "wurmt"]
[WhiteElo "1745"]
[BlackElo "1412"]
[PlyCount "43"]
[Result "1-0"]

1.e4 {Hello and good luck!}  e5 {Hello. Good 
luck.}  2.Nf3 Nc6 3.Bb5 a6 4.Bxc6 dxc6 5.O-O f6 
6.d4 exd4 7.Nxd4 c5 8.Ne2 Qxd1 9.Rxd1 Bg4 10.Nbc3 
Bd6 11.f3 Be6 12.Bf4 O-O-O 13.Bxd6 cxd6 14.Nf4 Bf7 
15.Ncd5 {Merry Christmas and Happy New Year!}  Nh6 
{Happy New Year!}  16.Ne3 Rhe8 17.Kf2 g5 18.Nfd5 
f5 19.exf5 Re5 20.g4 Rde8 21.Rd2 Kd7 
22.Nf6+ 1-0

[Event "HCL-A2502"]
[Site "www.playchess.de"]
[Date "2006.01.13"]
[Round "6"]
[White "Alberto"]
[Black "slavi"]
[WhiteElo "1627"]
[BlackElo "1544"]
[PlyCount "83"]
[Result "1/2-1/2"]

1.Nf3 d5 2.g3 Nf6 3.Bg2 c6 4.O-O Bg4 5.d3 e6 
6.Nbd2 Bd6 7.Re1 O-O 8.e4 dxe4 9.dxe4 Bc5 10.Qe2 
Qb6 11.Nc4 Qc7 12.Bf4 Qe7 13.Rad1 Nbd7 14.Bd6 Bxd6 
15.Nxd6 Ne8 16.e5 Nxd6 17.exd6 Qf6 18.h3 Bxf3 
19.Qxf3 Qxf3 20.Bxf3 Rfe8 21.b4 Rac8 22.c4 b6 
23.b5 cxb5 24.cxb5 Rc5 25.Bc6 {Merry Christmas}  
Rd8 {Merry Christmas too..be happy and all the 
best..}  26.a4 a6 27.Rdc1 axb5 28.Bxb5 Rxc1 
29.Rxc1 Nc5 30.d7 Kf8 31.a5 Nxd7 32.Rc7 bxa5 
33.Rxd7 Rxd7 34.Bxd7 Ke7 35.Ba4 h6 36.Kg2 g5 
37.Kf3 f5 38.h4 Kd6 39.hxg5 hxg5 40.Ke3 e5 41.f3 
Ke6 42.Bb3+ {(offering draw)}  1/2-1/2

[Event "HCL-B3782"]
[Site "www.playchess.de"]
[Date "2006.01.13"]
[Round "3"]
[White "sripradeep"]
[Black "PhilipKaveny"]
[WhiteElo "1549"]
[BlackElo "1347"]
[PlyCount "46"]
[Result "0-1"]

1.e4 g6 2.d4 d6 3.Nf3 Bg7 4.Be3 Nc6 5.Be2 Nf6 
6.Nc3 O-O 7.h3 e5 8.d5 Ne7 9.Qd2 Nh5 10.Bh6 f5 
11.Bxg7 Nxg7 12.Qh6 Nh5 13.g4 Nf6 14.gxf5 Bxf5 
15.exf5 Nxf5 16.Qg5 Qe8 17.Rg1 e4 18.Qxf5 exf3 
19.Qxf3 Nd7 20.Qg3 Ne5 21.O-O-O a5 22.f4 Nd7 
23.Bg4 Nf6 0-1

[Event "HCL-A2537"]
[Site "www.playchess.de"]
[Date "2006.01.13"]
[Round "10"]
[White "slavi"]
[Black "yannick"]
[WhiteElo "1558"]
[BlackElo "1635"]
[PlyCount "97"]
[Result "1/2-1/2"]

1.e4 {Hi from Bulgaria...}  d6 {hello from 
France,good tournament}  2.d4 Nf6 3.Nc3 g6 4.f4 
Bg7 5.Nf3 c5 6.dxc5 Qa5 7.Bd2 Qxc5 8.Bb5+ Nc6 
9.Bxc6+ Qxc6 10.Qe2 O-O 11.O-O-O Bg4 12.h3 Be6 
13.Kb1 Bc4 14.Qe3 Rfc8 15.Nd4 Qb6 16.Nb3 Bxb3 
17.cxb3 Qb4 18.Qe2 e5 19.Nd5 Qxe4+ 20.Qxe4 Nxe4 
21.Ne7+ Kf8 22.Nxc8 Rxc8 23.fxe5 Nxd2+ 24.Rxd2 
Bxe5 25.Rhd1 Ke7 26.Rc2 Rc5 27.Rxc5 dxc5 28.Kc2 b5 
29.Re1 Ke6 30.Kd3 f5 31.g4 fxg4 32.hxg4 h6 33.a3 
Kd5 34.Re2 c4+ 35.bxc4+ bxc4+ 36.Kc2 h5 37.gxh5 
gxh5 38.Re1 h4 39.Rh1 Bf6 40.b3 cxb3+ 41.Kxb3 Ke4 
42.Kc4 Kf5 43.a4 Kg4 44.a5 h3 45.Kd3 Kg3 46.Rb1 h2 
47.Ke3 Kg2 48.Ke4 a6 49.Kd5 {(offering draw)} 
 1/2-1/2

[Event "HCL-B3627"]
[Site "www.playchess.de"]
[Date "2006.01.13"]
[Round "5"]
[White "KILLLER"]
[Black "shosan"]
[WhiteElo "1200"]
[BlackElo "1173"]
[PlyCount "52"]
[Result "0-1"]

1.e4 e5 2.Nf3 f5 3.Nxe5 Qf6 4.d4 d6 5.Nf3 fxe4 
6.Ng5 d5 7.Nc3 Bb4 8.a3 Bxc3+ 9.bxc3 h6 10.Nh3 Ne7 
11.Nf4 O-O 12.Qd2 Nbc6 13.Bb5 a6 14.Bxc6 Qxc6 
15.O-O Ng6 16.Nxg6 Qxg6 17.Qe3 Rf3 18.Qd2 Bh3 
19.g3 Bxf1 20.Kxf1 e3 21.Qe2 Rxf2+ 22.Qxf2 exf2 
23.Ra2 Rf8 24.c4 Qe4 25.Bd2 Qh1+ 26.Ke2 
f1Q+ 0-1

[Event "HCL-M868"]
[Site "www.playchess.de"]
[Date "2006.01.13"]
[Round "1"]
[White "AJT"]
[Black "Maccdavid"]
[WhiteElo "1943"]
[BlackElo "1644"]
[PlyCount "49"]
[Result "1-0"]

1.Nf3 {Hello, Greetings from Leiden,s/w from A'dam 
and a cool match :) Michel}  Nf6 {Hello and 
greetings from Macclesfield, near Manchester.}  
2.c4 g6 3.d4 {United fan and if yes which one of 
the two?}  Bg7 {No, Everton are my team. Do you 
support Ajax?}  4.Nc3 {No, i am a Feyenoord fan}  
O-O 5.e4 d6 6.Be2 Bg4 7.Be3 Nbd7 8.O-O e5 9.d5 Re8 
10.Nd2 Bxe2 11.Qxe2 Nf8 12.Nb3 h6 13.c5 dxc5 
14.Nxc5 b6 15.Na6 Re7 16.f3 Nh5 17.Qc4 Kh7 18.Nb5 
f5 19.Naxc7 Rc8 20.d6 Rd7 21.Nxa7 Rcxc7 22.dxc7 
Qxc7 23.Qxc7 Rxc7 24.Bxb6 Rc2 25.Rf2 1-0

[Event "HCL-E1519"]
[Site "www.playchess.de"]
[Date "2006.01.13"]
[Round "3"]
[White "scylla"]
[Black "Andy1"]
[WhiteElo "1455"]
[BlackElo "1399"]
[PlyCount "41"]
[Result "1/2-1/2"]

1.e4 d5 2.exd5 Nf6 3.d4 Nxd5 4.Nf3 Bg4 5.Be2 e6 
6.Ne5 Bxe2 7.Qxe2 Nd7 8.Nxd7 Qxd7 9.c3 Bd6 10.Nd2 
O-O 11.Nc4 Rfe8 12.Nxd6 cxd6 13.O-O Rac8 14.Qg4 
Nf6 15.Qg3 Ne4 16.Qd3 d5 17.f3 Nd6 18.Bf4 Qb5 
19.Qxb5 Nxb5 20.a4 Nc7 21.Bxc7 {(offering draw)} 
 1/2-1/2

[Event "HCL-C4063"]
[Site "www.playchess.de"]
[Date "2006.01.13"]
[Round "10"]
[White "Ulpe"]
[Black "Farquhart"]
[WhiteElo "1473"]
[BlackElo "583"]
[PlyCount "35"]
[Result "1-0"]

1.e4 e5 2.Nf3 Nf6 3.Nxe5 d6 4.Nf3 Nxe4 5.d4 d5 
6.Bd3 Nc6 7.O-O g6 8.Re1 Bf5 9.Nc3 Nb4 10.Bxe4 
dxe4 11.Nxe4 Bxe4 12.Rxe4+ Be7 13.Bg5 Nd5 14.Bxe7 
Nxe7 15.Qe2 a5 16.Re1 Qd6 17.Rxe7+ Qxe7 
18.Qxe7+ 1-0

[Event "HCL-C4060"]
[Site "www.playchess.de"]
[Date "2006.01.13"]
[Round "2"]
[White "Milosforman"]
[Black "ama49"]
[WhiteElo "863"]
[BlackElo "1190"]
[PlyCount "28"]
[Result "0-1"]

1.d4 d5 2.Nf3 Nc6 3.e3 Bg4 4.Be2 Nf6 5.h3 Bh5 
6.Ne5 Bxe2 7.Qxe2 Nxe5 8.dxe5 Nd7 9.f4 e6 10.c4 c6 
11.cxd5 cxd5 12.b3 Bb4+ 13.Nd2 O-O 14.a3 
Ba5 0-1

[Event "HCL-C4088"]
[Site "www.playchess.de"]
[Date "2006.01.13"]
[Round "10"]
[White "Ulpe"]
[Black "nico21"]
[WhiteElo "1494"]
[BlackElo "1510"]
[PlyCount "93"]
[Result "1-0"]

1.e4 c5 2.Nf3 d6 3.d4 cxd4 4.Nxd4 Nf6 5.Nc3 a6 
6.Be3 e6 7.f3 Qc7 8.Qd2 b5 9.g4 Be7 10.O-O-O Bb7 
11.g5 Nfd7 12.h4 Nc6 13.Nxc6 Bxc6 14.Qd4 e5 15.Qd2 
b4 16.Nd5 Bxd5 17.Qxd5 O-O 18.f4 Rac8 19.Bd3 Nc5 
20.f5 Nxd3+ 21.Qxd3 f6 22.b3 a5 23.Rh2 Qc3 24.Kb1 
Qxd3 25.Rxd3 Rc6 26.gxf6 Bxf6 27.h5 Rf7 28.Rhd2 
Rd7 29.R3d5 Bd8 30.R2d3 h6 31.Rxe5 dxe5 32.Rxd7 
Bb6 33.Bxb6 Rxb6 34.Rd5 Kf7 35.Rxe5 Ra6 36.Rb5 Kf6 
37.a3 bxa3 38.Ka2 Kg5 39.Rb7 Kf4 40.Re7 Rc6 41.c4 
a4 42.bxa4 Rxc4 43.Kxa3 Rc8 44.a5 Rg8 45.a6 Kg5 
46.Kb4 Kxh5 47.a7 1-0

[Event "HCL-C4013"]
[Site "www.playchess.de"]
[Date "2006.01.13"]
[Round "1"]
[White "notty"]
[Black "willi_weizenkeim"]
[WhiteElo "800"]
[BlackElo "1041"]
[PlyCount "72"]
[Result "0-1"]

1.c4 g6 2.g4 Bg7 3.h3 Nf6 4.g5 Ne4 5.Nf3 e6 6.Rh2 
Nxg5 7.d3 Nxf3+ 8.exf3 d6 9.Rg2 Nc6 10.Bg5 f6 
11.Bd2 f5 12.Rg5 O-O 13.h4 e5 14.Nc3 Bf6 15.Nd5 
Bxg5 16.hxg5 f4 17.Bc3 Qxg5 18.Nxc7 Rb8 19.Nd5 Be6 
20.Nc7 a5 21.Nxe6 Qe7 22.Ng5 Qxg5 23.a4 Qg1 24.Qd2 
Rf5 25.Bb4 Nd4 26.Bxd6 Nxf3+ 27.Ke2 Nxd2 28.Kxd2 
Qxf2+ 29.Kc1 Qxf1+ 30.Kc2 Qxa1 31.Bxb8 f3 32.c5 f2 
33.Ba7 Qxa4+ 34.b3 Qa2+ 35.Kc3 f1Q 36.Bb6 
Qc1+ 0-1

[Event "HCL-B3751"]
[Site "www.playchess.de"]
[Date "2006.01.13"]
[Round "10"]
[White "wedi"]
[Black "Rambo"]
[WhiteElo "1157"]
[BlackElo "1334"]
[PlyCount "46"]
[Result "1-0"]

1.d4 d5 2.c4 e6 3.Nc3 Bb4 4.a3 Bxc3+ 5.bxc3 dxc4 
6.e4 e5 7.Bxc4 Nf6 8.Bg5 h6 9.Bxf6 Qxf6 10.Nf3 Bg4 
11.h3 Bxf3 12.Qxf3 exd4 13.Qxf6 gxf6 14.cxd4 Nc6 
15.d5 Ne5 16.Bb5+ Ke7 17.f4 Ng6 18.f5 Ne5 19.O-O 
a6 20.Be2 Rad8 21.Rab1 b5 22.Rfc1 Kd6 23.Rb2 
Rhg8 1-0

[Event "ACL-T167"]
[Site "www.playchess.de"]
[Date "2006.01.13"]
[Round "22"]
[White "lostpawn2000"]
[Black "lontjr"]
[WhiteElo "1271"]
[BlackElo "1732"]
[PlyCount "78"]
[Result "0-1"]

1.e4 c6 2.d4 d5 3.e5 Bf5 {Greets from NC; here's t 
a good game!}  4.Nf3 {likewise}  h6 5.Bd3 Bxd3 
6.Qxd3 f6 7.e6 Qa5+ 8.Bd2 Qa6 9.Qg6+ Kd8 {What a 
mess...}  10.Qf7 {i know the feeling}  Nd7 11.exd7 
Kxd7 12.Nc3 h5 13.Qg6 Qc4 14.Qd3 Qxd3 15.cxd3 g5 
16.O-O-O e6 17.Rde1 Nh6 18.Re2 Nf5 19.Rhe1 g4 
20.Ng1 Nxd4 21.R2e3 Bh6 22.Rg3 Nf5 23.Nge2 Nxg3 
24.Nxg3 h4 25.Nge2 Bf8 26.Nd4 Bd6 27.Rxe6 Be5 
28.h3 Bxd4 29.Re2 gxh3 30.gxh3 Rag8 31.Bf4 Rg1+ 
32.Kc2 Rh1 33.Rd2 Rxh3 34.Ne2 Bxf2 35.Nc3 Rh1 
36.Rxf2 h3 37.Ne2 Rh4 38.Ng3 Ra1 39.a3 
h2 0-1

[Event "HCL-A2498"]
[Site "www.playchess.de"]
[Date "2006.01.13"]
[Round "11"]
[White "Eishockeytorwart"]
[Black "cabe"]
[WhiteElo "1849"]
[BlackElo "1415"]
[PlyCount "73"]
[Result "1-0"]

1.e4 {welcome and good luck from germany}  e5 {Sie 
auch eine schöne Partie gewünscht!}  2.Nf3 Nf6 
3.Nxe5 d6 4.Nf3 Nxe4 5.Be2 Be7 6.O-O O-O 7.d3 Nf6 
8.Nc3 d5 9.Bf4 Nc6 10.d4 Bg4 11.Ne5 Bxe2 12.Nxe2 
Nxe5 13.dxe5 Ne4 14.Qd3 Qd7 15.Rad1 Rad8 16.c4 Nc5 
17.Qc2 Qa4 18.b3 Qc6 19.Nd4 Qe8 20.cxd5 Rxd5 
21.Nf5 Rxd1 22.Rxd1 Ne6 23.Be3 a5 24.Qe4 b6 25.h3 
g6 26.Nh6+ Kg7 27.Ng4 Kh8 28.Bh6 Qa8 29.Qxa8 Rxa8 
30.Rd7 Re8 31.Ne3 f5 32.Nd5 Bd8 33.f4 c6 34.Nf6 
Bxf6 35.exf6 Rd8 36.Re7 Nc5 37.f7 1-0

[Event "HCL-B3641"]
[Site "www.playchess.de"]
[Date "2006.01.13"]
[Round "33"]
[White "tirailleur"]
[Black "froilo"]
[WhiteElo "1315"]
[BlackElo "1411"]
[PlyCount "59"]
[Result "1/2-1/2"]

1.e4 {Hello, have a good game}  c5 {thanks, same 
wish}  2.c3 d6 3.d4 cxd4 4.cxd4 Nf6 5.Nc3 g6 6.Be3 
Bg7 7.f4 Qa5 8.Qd3 Nc6 9.Nf3 a6 10.Be2 Nb4 11.Qd2 
Nxe4 12.Nxe4 Nc2+ 13.Kf2 Qxd2 14.Bxd2 Nxa1 15.Rxa1 
O-O 16.Bc3 d5 17.Ng3 b5 18.Nf1 h6 19.Re1 Bf5 
20.Ng3 Bd7 21.Nf1 a5 22.a3 Rfb8 23.Ne5 Be8 24.b4 
axb4 25.Bxb4 e6 26.Ke3 f6 27.Nd3 g5 28.Nd2 Bf8 
29.Nc5 Rb6 30.Ndb3 {(offering draw)} 
 1/2-1/2

[Event "HCL-E1528"]
[Site "www.playchess.de"]
[Date "2006.01.13"]
[Round "5"]
[White "Eyechess"]
[Black "baggur"]
[WhiteElo "2017"]
[BlackElo "1660"]
[PlyCount "81"]
[Result "1-0"]

1.e4 {Nice to meet you.}  c5 {Pleased to meet you 
too}  2.Nc3 Nc6 3.g3 g6 4.Bg2 Bg7 5.d3 d6 6.Be3 
Nf6 7.h3 O-O 8.f4 e5 9.Nge2 Nd4 10.Qd2 a6 11.fxe5 
dxe5 12.O-O-O b5 13.Bg5 Qa5 14.Kb1 Be6 15.Nd5 Qxd2 
16.Rxd2 Nxd5 17.exd5 Bf5 18.d6 Ra7 19.Nxd4 cxd4 
20.Be7 Re8 21.Re2 h5 22.Bc6 Bd7 23.Bd5 Bf8 24.Rf1 
Be6 25.Bxe6 fxe6 26.Rxf8+ Rxf8 27.Bxf8 Kxf8 
28.Rxe5 Kf7 29.Re4 Rd7 30.Rxd4 e5 31.Rd5 Ke6 32.c4 
Rxd6 33.Rxd6+ Kxd6 34.b4 bxc4 35.dxc4 e4 36.Kc2 
Ke5 37.Kd2 Kd4 38.b5 axb5 39.cxb5 Kc5 40.a4 Kb6 
41.Ke3 1-0

[Event "HCL-B3808"]
[Site "www.playchess.de"]
[Date "2006.01.13"]
[Round "7"]
[White "knoppe"]
[Black "dynamike"]
[WhiteElo "1239"]
[BlackElo "1479"]
[PlyCount "58"]
[Result "0-1"]

1.e4 c5 2.Nc3 e6 3.Bc4 Nc6 4.d3 Nf6 5.f4 d6 6.Nf3 
Be7 7.O-O O-O 8.Ne2 d5 9.exd5 exd5 10.Bb3 Bd6 
11.Ng3 Bg4 12.h3 Be6 13.a3 Qc7 14.Ng5 Bd7 15.Qf3 
h6 16.Bxd5 hxg5 17.fxg5 Nxd5 18.Qxd5 Bxg3 19.g6 
Be6 20.Qxc5 Be5 21.c3 Bd6 22.Qh5 fxg6 23.Qxg6 
Rxf1+ 24.Kxf1 Qf7+ 25.Qxf7+ Bxf7 26.Bd2 Re8 27.b4 
Bg6 28.d4 Bd3+ 29.Kf2 Re2+ 0-1

[Event "HCL-A2450"]
[Site "www.playchess.de"]
[Date "2006.01.13"]
[Round "9"]
[White "sparpaket"]
[Black "alldrix"]
[WhiteElo "1593"]
[BlackElo "1640"]
[PlyCount "98"]
[Result "0-1"]

1.e4 {Hi}  e6 {hi from Aracaju, Brazil}  2.d4 d5 
3.e5 c5 4.c3 Nc6 5.Nf3 cxd4 6.cxd4 Qb6 7.Nc3 Nh6 
8.Be2 Nf5 9.Na4 Qc7 10.O-O Bd7 11.Be3 Be7 12.a3 
O-O 13.Rc1 Rac8 14.Qd2 Qb8 15.Nc5 Bxc5 16.Rxc5 b6 
17.Rc3 Na5 18.Rfc1 Ba4 19.Ba6 Rxc3 20.Qxc3 Nxe3 
21.fxe3 Nb3 22.Rc2 Na5 23.Rc1 Nb3 {(offering 
draw)}  24.Rf1 b5 25.Qc6 Na5 26.Qc5 Rd8 27.Nd2 Nc4 
28.Nxc4 bxc4 29.Rf2 Qb6 30.Qxb6 axb6 31.e4 Ra8 
32.Bb7 Ra7 33.exd5 Rxb7 34.d6 Bc6 35.Rc2 Bd5 36.b4 
Ra7 37.Rc3 b5 38.Kf2 f6 39.g4 Kf7 40.h4 Ke8 41.Ke3 
fxe5 42.dxe5 Rf7 43.Kd4 Rf3 44.Rc1 Rxa3 45.Kc5 c3 
46.Kb6 Be4 47.Kxb5 c2 48.Kc4 Rh3 49.b5 
Rh1 0-1

[Event "HCL-C4001"]
[Site "www.playchess.de"]
[Date "2006.01.13"]
[Round "10"]
[White "Kannsnich"]
[Black "therapie"]
[WhiteElo "1144"]
[BlackElo "888"]
[PlyCount "81"]
[Result "1/2-1/2"]

1.c4 c5 2.Nc3 Nc6 3.Nf3 Nf6 4.g3 g6 5.Bg2 Bg7 
6.O-O O-O 7.d4 cxd4 8.Nxd4 Nxd4 9.Qxd4 d6 10.Qd3 
Rb8 11.Be3 b6 12.Bd4 e5 13.Be3 Bb7 14.Nd5 Bxd5 
15.cxd5 Qd7 16.Rac1 Rbc8 17.b3 Rxc1 18.Rxc1 Rc8 
19.Rc6 Rc7 20.b4 Ne8 21.b5 Nf6 22.Qc2 Ne8 23.a4 
Bf6 24.Bd2 Bd8 25.a5 f5 26.axb6 axb6 27.Be3 Rb7 
28.Bd2 Rb8 29.e4 fxe4 30.Bxe4 Nf6 31.Bg2 Kg7 
32.Qc1 Ra8 33.Be3 Rb8 34.h4 Ne8 35.Kh2 Qb7 36.f4 
Qe7 37.fxe5 Qxe5 38.Rc4 Qe7 39.Bg5 Qd7 40.Bxd8 
Qxd8 41.Rc6 {(offering draw) hm schwierig 
schwierig}  1/2-1/2

[Event "HCL-A2383"]
[Site "www.playchess.de"]
[Date "2006.01.13"]
[Round "9"]
[White "kylejmiles"]
[Black "sparpaket"]
[WhiteElo "1484"]
[BlackElo "1565"]
[PlyCount "139"]
[Result "1/2-1/2"]

1.e4 c5 2.Nf3 e6 3.d4 cxd4 4.Nxd4 Nc6 5.Bc4 Qb6 
6.Nb3 Nf6 7.Be3 Qc7 8.N1d2 a6 9.O-O b5 10.Be2 Be7 
11.Kh1 d5 12.Bf3 Ne5 13.exd5 Nxd5 14.Bxd5 exd5 
15.Nf3 Bg4 16.Nbd4 O-O 17.h3 Bh5 18.c3 f5 19.Qb3 
Rad8 20.Nxe5 Qxe5 21.Rae1 Bd6 22.f4 Qf6 23.Nc6 
Rde8 24.Bd4 Qf7 25.Ne5 Bxe5 26.Bxe5 Qb7 27.Re3 Bf7 
28.Qc2 Be6 29.Rg3 Rf7 30.Qf2 a5 31.Rg5 b4 32.Qh4 
bxc3 33.Bxc3 Qb6 34.Rd1 Qe3 35.Re1 Qd3 36.Qh6 Ree7 
37.Rxe6 Qf1+ 38.Kh2 Qxf4+ 39.Rg3 Qxg3+ 40.Kxg3 
gxh6 41.Ra6 f4+ 42.Kf2 Rea7 43.Rxa5 Rxa5 44.Bxa5 
Ra7 45.b4 Kf7 46.Kf3 Ke6 47.Kxf4 Rf7+ 48.Ke3 Ke5 
49.a4 Rf1 50.b5 d4+ 51.Ke2 Rb1 52.Bc7+ Kd5 53.b6 
Kc4 54.a5 Rb2+ 55.Ke1 Kd5 56.a6 Kc6 57.g3 Ra2 
58.a7 Kb7 59.Kd1 h5 60.h4 d3 61.Kc1 Rc2+ 62.Kd1 
Rg2 63.Ke1 Rh2 64.Kd1 Re2 65.Kc1 Rc2+ {draw?}  
66.Kd1 Rg2 67.Bf4 Ra2 68.Bc7 Rg2 69.Kc1 Rc2+ 
70.Kd1 1/2-1/2

[Event "HCL-E1509"]
[Site "www.playchess.de"]
[Date "2006.01.13"]
[Round "7"]
[White "Chascarrillo"]
[Black "BohdanL"]
[WhiteElo "1876"]
[BlackElo "1499"]
[PlyCount "101"]
[Result "1-0"]

1.d4 g6 2.Nc3 Bg7 3.e4 c5 4.Nf3 Qa5 5.Be2 Nc6 6.d5 
Nd4 7.O-O a6 8.Nxd4 cxd4 9.Nb1 f5 10.exf5 Qxd5 
11.fxg6 hxg6 12.Qd3 Qf5 13.Qxf5 gxf5 14.Bf4 d3 
15.Bxd3 Bxb2 16.Nd2 Bxa1 17.Rxa1 d6 18.Re1 b5 
19.Bxd6 Rh6 20.Bc5 Be6 21.a3 Bd7 22.c4 Rc6 23.Bb4 
Rac8 24.c5 Nf6 25.Bc3 Nd5 26.Bd4 Nf4 27.Bb1 Re6 
28.Be3 Rxc5 29.Nf3 Rc4 30.Kf1 Nd5 31.Bxf5 Nxe3+ 
32.fxe3 Rf6 33.Bxd7+ Kxd7 34.Kg1 Rc3 35.Rd1+ Ke8 
36.e4 Rxa3 37.e5 Re6 38.Rc1 Kd7 39.Rd1+ Kc6 
40.Nd4+ Kd5 41.Nxb5+ Kxe5 42.Nxa3 Kf4 43.Rf1+ Kg4 
44.Nc4 Re4 45.Nd2 Re2 46.h3+ Kh4 47.Rf2 Re1+ 
48.Rf1 Re2 49.Rf2 Re1+ {(offering draw)}  50.Kh2 
e5 51.Nf3+ 1-0

[Event "HCL-C4054"]
[Site "www.playchess.de"]
[Date "2006.01.13"]
[Round "3"]
[White "mudelta"]
[Black "nico21"]
[WhiteElo "1125"]
[BlackElo "1430"]
[PlyCount "78"]
[Result "0-1"]

1.e4 {hi goodluck
}  e5 {Hi, have a good game}  2.c4 {thx}  c5 3.d3 
Nf6 4.g3 b6 5.Nf3 Bb7 6.Bg2 h6 7.O-O d6 8.Nc3 Be7 
9.Bd2 O-O 10.Nh4 Nc6 11.f4 Nb4 12.Bc1 Nc6 13.Nf5 
Kh8 14.Nd5 Nxd5 15.cxd5 Nd4 16.Nxh6 gxh6 17.Qh5 
Kh7 18.f5 Bg5 19.Bxg5 Qxg5 20.Qxg5 hxg5 21.Rab1 
Ba6 22.Rfd1 Rac8 23.Rd2 c4 24.dxc4 Bxc4 25.b3 Ba6 
26.Kf2 Rc7 27.Rh1 Rfc8 28.Bf1 Bxf1 29.Kxf1 R7c1+ 
30.Kg2 Rxh1 31.Kxh1 Rc2 32.Rd1 Rxa2 33.h4 Nxb3 
34.hxg5 Ra1 35.Rxa1 Nxa1 36.Kg1 Nb3 37.Kf2 Nc5 
38.Ke3 a5 39.Kd2 Nxe4+ 0-1

[Event "ACL-A657"]
[Site "www.playchess.de"]
[Date "2006.01.13"]
[Round "6"]
[White "Chascarrillo"]
[Black "WPrimo"]
[WhiteElo "1500"]
[BlackElo "1500"]
[PlyCount "81"]
[Result "1-0"]

1.d4 Nf6 2.Nc3 d5 3.e4 dxe4 4.f3 Nc6 5.d5 Nb4 
6.fxe4 e5 7.a3 Na6 8.Nf3 Bd6 9.Bb5+ Bd7 10.Bxa6 
bxa6 11.Qd3 Qc8 12.Bg5 Rg8 13.O-O h6 14.Bxf6 gxf6 
15.Nh4 Rg4 16.Nf5 Bxf5 17.Rxf5 Be7 18.d6 cxd6 
19.Nd5 Rg6 20.Raf1 Qc5+ 21.Kh1 Rc8 22.c3 Qc4 
23.Qe3 Bd8 24.Nxf6+ Rxf6 25.R5xf6 Bxf6 26.Rxf6 Ke7 
27.Rf5 Rc7 28.h3 Rb7 29.b4 Rc7 30.Qxh6 Qxe4 
31.Qf6+ Ke8 32.c4 Qxc4 33.Qxd6 Re7 34.Qb8+ Kd7 
35.Qxa7+ Ke6 36.Rxe5+ Kxe5 37.Qxe7+ Kf5 38.Qc5+ 
Qxc5 39.bxc5 Ke5 40.h4 Kd5 41.h5 1-0

[Event "HCL-A2551"]
[Site "www.playchess.de"]
[Date "2006.01.13"]
[Round "7"]
[White "Mr_Bill"]
[Black "Nobleman"]
[WhiteElo "1633"]
[BlackElo "1216"]
[PlyCount "51"]
[Result "1-0"]

1.d4 d5 2.Nc3 Nf6 3.Bg5 e6 4.Nf3 Be7 5.e3 O-O 
6.Ne5 h6 7.Bh4 c6 8.Bd3 Nbd7 9.Qe2 a6 10.h3 b5 
11.g4 Nxe5 12.dxe5 Nd7 13.Bg3 Bb4 14.a3 Bxc3+ 
15.bxc3 Qc7 16.f4 Qa5 17.Qd2 Nc5 18.O-O Qb6 19.Bh4 
Na4 20.g5 h5 21.g6 f5 22.Qe2 Nxc3 23.Qxh5 Qxe3+ 
24.Kh2 Re8 25.Qh7+ Kf8 26.Qh8+ 1-0

[Event "HCL-C4068"]
[Site "www.playchess.de"]
[Date "2006.01.13"]
[Round "9"]
[White "mudelta"]
[Black "Henri"]
[WhiteElo "1125"]
[BlackElo "835"]
[PlyCount "59"]
[Result "1-0"]

1.e4 {hi gl}  e5 {Bonjour et Bone Partie}  2.c4 
{bonjour, merci vous aussi}  d6 3.Nf3 Nc6 4.Nc3 
Nf6 5.d4 exd4 6.Nxd4 Nxd4 7.Qxd4 Be7 8.Bd3 O-O 
9.O-O c5 10.Qe3 b6 11.Qf3 Bg4 12.Qg3 Qd7 13.f3 Bh5 
14.Bh6 Bg6 15.Bg5 Nh5 16.Qh4 Bxg5 17.Qxg5 h6 
18.Qe3 Rae8 19.Rae1 Bf5 20.Qd2 Be6 21.f4 Qc6 22.b3 
Nf6 23.f5 Bc8 24.Qf4 d5 25.cxd5 Qb7 26.e5 Nxd5 
27.Nxd5 Qxd5 28.Bc4 Qd7 29.e6 Qe7 
30.exf7+ 1-0

[Event "ACL-A649"]
[Site "www.playchess.de"]
[Date "2006.01.13"]
[Round "8"]
[White "ejaki"]
[Black "wurmt"]
[WhiteElo "1500"]
[BlackElo "1412"]
[PlyCount "68"]
[Result "0-1"]

1.d4 Nf6 {Nice to meet you. Good luck.}  2.Bf4 d5 
3.e3 e6 4.a3 c5 5.dxc5 Bxc5 6.Nc3 O-O 7.Bd3 Nbd7 
8.Nf3 a6 9.h3 Nh5 10.Bh2 b5 11.b4 Bb6 12.Nd2 Nhf6 
13.Bg3 Bc7 14.Bxc7 Qxc7 15.Ne2 Bb7 16.Nf3 d4 
17.Rg1 Bxf3 18.gxf3 dxe3 19.fxe3 Ne5 20.f4 Nf3+ 
21.Kf2 Nxg1 22.Qxg1 Qb6 23.Qg3 Nd5 24.Nd4 g6 
25.Rg1 Nf6 26.Qg5 Kg7 27.h4 h5 28.f5 Ng4+ 29.Ke2 
exf5 30.Bxf5 Rae8 31.Bxg4 Qxd4 32.Bxh5 Qc4+ 33.Kf3 
Qe4+ 34.Kg3 Qxe3+ 0-1

[Event "HCL-A2568"]
[Site "www.playchess.de"]
[Date "2006.01.13"]
[Round "5"]
[White "Chas"]
[Black "Nulnulnix"]
[WhiteElo "1425"]
[BlackElo "1337"]
[PlyCount "61"]
[Result "1-0"]

1.e4 e5 {Hi, enjoy this game}  2.Nf3 {Thank you, 
and hello from Lancshire UK.}  d6 3.Bc4 a6 4.O-O 
b5 5.Bb3 Bb7 6.d3 Be7 7.Nc3 c6 8.d4 b4 9.Ne2 c5 
10.Ba4+ Bc6 11.c3 a5 12.Ng3 Nf6 13.Re1 O-O 14.Bxc6 
Nxc6 15.Nf5 exd4 16.cxd4 Qb6 17.d5 Ne5 18.Nxe7+ 
Kh8 {Looks like I forgot my brain at home today}  
19.Nxe5 {we all suffer this 'chess blindness'}  
dxe5 20.Bg5 Ra7 21.Nc6 Rd7 22.Bxf6 gxf6 23.Qg4 Rd6 
24.Ne7 Qc7 25.Nf5 Rg8 26.Qh3 Rb6 27.Re3 Rg5 28.Rg3 
c4 29.Qh6 Qd8 30.Rxg5 fxg5 31.Qg7+ 1-0